Cách dùng thuốc để phòng - trị bệnh tốt nhất cho vật nuôi
Một số lưu ý khi sử dụng thuốc thú y như các loại vaccin, kháng sinh và các loại thuốc khác
Gorde:
| Formatua: | Liburua |
|---|---|
| Hizkuntza: | Undetermined |
| Argitaratua: |
Hà Nội
Nông nghiệp
2010
|
| Gaiak: | |
| Etiketak: |
Etiketa erantsi
Etiketarik gabe, Izan zaitez lehena erregistro honi etiketa jartzen!
|
| Thư viện lưu trữ: | Trung tâm Học liệu Trường Đại học Cần Thơ |
|---|
| LEADER | 00744nam a2200193Ia 4500 | ||
|---|---|---|---|
| 001 | CTU_209108 | ||
| 008 | 210402s9999 xx 000 0 und d | ||
| 020 | |c 19500 | ||
| 082 | |a 636.089 | ||
| 082 | |b C102 | ||
| 245 | 0 | |a Cách dùng thuốc để phòng - trị bệnh tốt nhất cho vật nuôi | |
| 245 | 0 | |c Nguyễn Như Pho, Lê Văn Thọ (Biên soạn) | |
| 260 | |a Hà Nội | ||
| 260 | |b Nông nghiệp | ||
| 260 | |c 2010 | ||
| 520 | |a Một số lưu ý khi sử dụng thuốc thú y như các loại vaccin, kháng sinh và các loại thuốc khác | ||
| 650 | |a Veterinary medicine,Thuốc thú y | ||
| 904 | |i Hải | ||
| 980 | |a Trung tâm Học liệu Trường Đại học Cần Thơ | ||